<?xml version="1.0" encoding="UTF-8"?>
<collection xmlns="http://www.loc.gov/MARC21/slim">
 <record>
  <leader>01482nam a22002297a 4500</leader>
  <controlfield tag="001">NCT_53925</controlfield>
  <controlfield tag="008">181022b        xxu||||| |||| 00| 0 vie d</controlfield>
  <datafield tag="999" ind1=" " ind2=" ">
   <subfield code="c">2585</subfield>
   <subfield code="d">2585</subfield>
  </datafield>
  <datafield tag="020" ind1=" " ind2=" ">
   <subfield code="a">9786045842423</subfield>
   <subfield code="c">84000</subfield>
  </datafield>
  <datafield tag="082" ind1="0" ind2="4">
   <subfield code="2">23rd ed.</subfield>
   <subfield code="a">658.45</subfield>
   <subfield code="b">G116</subfield>
  </datafield>
  <datafield tag="100" ind1="1" ind2=" ">
   <subfield code="a">Gabor, Don</subfield>
  </datafield>
  <datafield tag="245" ind1="1" ind2="0">
   <subfield code="a">Sức mạnh của ngôn từ =</subfield>
   <subfield code="b">Words that win</subfield>
   <subfield code="c">Don Gabor ; Kim Vân (dịch)</subfield>
  </datafield>
  <datafield tag="250" ind1=" " ind2=" ">
   <subfield code="a">Tái bản</subfield>
  </datafield>
  <datafield tag="260" ind1=" " ind2=" ">
   <subfield code="a">TP Hồ Chí Minh</subfield>
   <subfield code="b">Tổng hợp</subfield>
   <subfield code="c">2017</subfield>
  </datafield>
  <datafield tag="300" ind1=" " ind2=" ">
   <subfield code="a">311 tr.</subfield>
   <subfield code="c">21cm</subfield>
  </datafield>
  <datafield tag="520" ind1="3" ind2=" ">
   <subfield code="a">Sách gồm 20 chương với các nội dung áp dụng trong công việc, quan hệ khách hàng - nhà cung cấp và trong giao tiếp xã hội với hàng trăm gợi ý, tình huống cùng các ví dụ thực tế, sinh động với những lời khuyên, những bí quyết giao tiếp hiệu quả đến ngạc nhiên và thực sự hữu ích trong công việc và cuộc sống của bạn.</subfield>
  </datafield>
  <datafield tag="653" ind1=" " ind2=" ">
   <subfield code="a">Quan hệ công chúng</subfield>
  </datafield>
  <datafield tag="700" ind1="1" ind2=" ">
   <subfield code="a">Kim Vân</subfield>
   <subfield code="e">Biên dịch</subfield>
  </datafield>
  <datafield tag="942" ind1=" " ind2=" ">
   <subfield code="2">ddc</subfield>
   <subfield code="c">BK</subfield>
  </datafield>
  <datafield tag="952" ind1=" " ind2=" ">
   <subfield code="0">0</subfield>
   <subfield code="1">0</subfield>
   <subfield code="2">ddc</subfield>
   <subfield code="4">0</subfield>
   <subfield code="6">658_450000000000000_G116</subfield>
   <subfield code="7">0</subfield>
   <subfield code="9">14711</subfield>
   <subfield code="a">000001</subfield>
   <subfield code="b">000001</subfield>
   <subfield code="d">2018-10-22</subfield>
   <subfield code="l">5</subfield>
   <subfield code="m">3</subfield>
   <subfield code="o">658.45 G116</subfield>
   <subfield code="p">MD.13708</subfield>
   <subfield code="r">2020-06-23</subfield>
   <subfield code="s">2020-06-03</subfield>
   <subfield code="v">84000.00</subfield>
   <subfield code="w">2018-10-22</subfield>
   <subfield code="y">BK</subfield>
  </datafield>
  <datafield tag="952" ind1=" " ind2=" ">
   <subfield code="0">0</subfield>
   <subfield code="1">0</subfield>
   <subfield code="2">ddc</subfield>
   <subfield code="4">0</subfield>
   <subfield code="6">658_450000000000000_G116</subfield>
   <subfield code="7">0</subfield>
   <subfield code="9">14712</subfield>
   <subfield code="a">000001</subfield>
   <subfield code="b">000001</subfield>
   <subfield code="d">2018-10-22</subfield>
   <subfield code="l">1</subfield>
   <subfield code="o">658.45 G116</subfield>
   <subfield code="p">MD.13709</subfield>
   <subfield code="r">2020-05-27</subfield>
   <subfield code="s">2020-05-16</subfield>
   <subfield code="v">84000.00</subfield>
   <subfield code="w">2018-10-22</subfield>
   <subfield code="y">BK</subfield>
  </datafield>
  <datafield tag="980" ind1=" " ind2=" ">
   <subfield code="a">Thư viện Trường Đại học Nam Cần Thơ</subfield>
  </datafield>
 </record>
</collection>
